| 000 | 00414nam a2200157 4500 | ||
|---|---|---|---|
| 999 |
_c512484 _d512484 |
||
| 008 | 191126b ||||| |||| 00| 0 eng d | ||
| 100 |
_aMojumdar, Sujoy _913832 |
||
| 245 | _aGram Panchayats: Beyond ODF | ||
| 260 | _bYojana | ||
| 300 | _a63(11), Nov, 2019: p.19-22. | ||
| 650 |
_aPanchayats _913833 |
||
| 700 |
_eManchikanti, Swathi _913834 |
||
| 773 | _aYojana | ||
| 906 | _aSanitation | ||
| 942 |
_2ddc _cAR |
||